Najmniej zaludnione powiaty w Polsce - Statystyki

Ogólne statystyki
  • Ten quiz został rozwiązany 28 razy
  • Średni wynik to 12 z 20
Statystyki odpowiedzi
# Powiat Populacja Województwo % Poprawnych
18 miasto {Sopot} 35 562 pomorskie
83%
1 sejneński 19 807 podlaskie
83%
2 bieszczadzki 21 576 podkarpackie
78%
4 leski 26 413 podkarpackie
78%
12 olecki 34 050 warmińsko-mazurskie
78%
5 gołdapski 26 625 warmińsko-mazurskie
70%
3 węgorzewski 22 555 warmińsko-mazurskie
70%
11 lipski 33 738 mazowieckie
61%
10 kazimierski 33 489 świętokrzyskie
57%
6 łosicki 30 658 mazowieckie
57%
14 parczewski 34 590 lubelskie
57%
19 suwalski 35 606 podlaskie
57%
20 zwoleński 36 026 mazowieckie
52%
7 brzeziński 30 793 łódzkie
48%
15 górowski 34 698 dolnośląskie
48%
8 nidzicki 32 753 warmińsko-mazurskie
48%
17 nowodworski 35 483 pomorskie
48%
9 białobrzeski 33 332 mazowieckie
43%
16 sulęciński 35 110 lubuskie
43%
13 wąbrzeski 34 115 kujawsko-pomorskie
39%
Nie znaleziono quizów pasujących do podanych kryteriów
Rozkład punktacji
Procent ludzi z każdym wynikiem
Percentyl według liczby udzielonych odpowiedzi
Twoja historia wyników
Nie rozwiązałeś tego quizu